[Event "Chernonograd Katsan Memorial 2nd"]
[Site "Chernonograd"]
[Date "2023.01.22"]
[Round "1"]
[White "Vyshko, Vitaliy"]
[Black "Kikh, Andriy"]
[Result "0-1"]
[WhiteElo "1285"]
[BlackElo "1746"]
[PlyCount "36"]
[EventDate "2023.01.22"]
[EventType "swiss"]
[EventRounds "9"]
[EventCountry "UKR"]
[SourceTitle "CBM 212 Extra"]
[Source "ChessBase"]
[SourceDate "2023.03.31"]
[SourceVersion "1"]
[SourceVersionDate "2023.03.31"]
[SourceQuality "1"]

1. d4 c5 2. e3 d5 3. Nf3 Nc6 4. b3 Bf5 5. a3 e6 6. Bb2 Rc8 7. Bd3 Bg6 8. Bxg6 hxg6 9. Nbd2 Nf6 10. 0-0 Qc7 11. Ne5 Bd6 12. f4 cxd4 13. exd4 Qb6 14. Ndf3 Ne4 15. g3 g5 16. Nxc6 Qxc6 17. Nxg5 Qxc2 18. Nxe4 Qxh2# 0-1